|
|
|
|
| LEADER |
00000nam a2200000 a 4500 |
| 001 |
vtls001286707 |
| 003 |
SK-MaSNL |
| 005 |
20260301064844.0 |
| 008 |
251124s1996 BY af y 0 bel |
| 020 |
|
|
|a 5857000734
|
| 020 |
|
|
|a 9851100412
|c [450,00]
|
| 035 |
|
|
|a SNK000238259
|
| 040 |
|
|
|a SNK
|b slo
|c SNK
|e AACR2
|
| 043 |
|
|
|a e-ur-bw
|
| 044 |
|
|
|a BY
|
| 080 |
|
|
|a 947.6(03)=826
|2 1981
|
| 080 |
|
|
|a 03:947.6=826
|2 1981
|
| 245 |
1 |
|
|a Encyklapedyja historyi Belarusi
|b u 6 tamach
|n tom 3
|p Himnazii - Kadencyja
|c redakcyjnaja kalehija: H.P. Pašlou, ... [et al.]
|
| 260 |
|
|
|a Minsk
|b Belaruskaja encyklapedyja imja Petrusja Broůki
|c 1996
|
| 300 |
|
|
|a 523 s.
|c 27 cm
|
| 650 |
0 |
7 |
|a lexikóny dejepisné bieloruské
|2 SNK
|9 382746
|
| 651 |
|
7 |
|a Bielorusko
|2 SNK
|9 29235
|
| 700 |
1 |
|
|a Pašlou, H.P.
|4 upr
|9 382747
|
| 919 |
|
|
|a 5-85700-073-4
|
| 919 |
|
|
|a 985-11-0041-2
|
| 999 |
|
|
|c 628481
|d 630411
|
| 952 |
|
|
|t P60, <04>, [BOOK], {604}
|a SNK
|b SNK
|y VYP
|7 0
|p 17A0063398
|o snkIB 69217/3
|i snkV 1200/97
|0 0
|1 0
|4 0
|d 1997-05-20
|l 0
|r 2005-01-02 00:00:00
|w 2026-02-23
|